O homem que queria outro destino (Record no. 20709)

Metadata
000 -Etiqueta do registo
campo de controlo de comprimento fixo 00856cam a2200289 4500
001 - Identificador do registo
Campo de controlo 20709
005 - Identificador da versão
Campo de controlo 20240508152059.0
021 ## - Nº depósito legal
Código do país Portugal
Número 75014/94
100 ## - Dados Gerais de Proc.
Dados gerais de processamento 20080101d1994 m||y0pory5003 ba
101 0# - Língua da publicação
Língua do texto, banda sonora, etc. Português
102 ## - País de Publicação
País de publicação Portugal
105 ## - Dados Codif. Livros
Dados codificados dos livros y z 000ay
106 ## - Atributos Físicos
Dados codificados do material textual r
200 1# - Título
Título próprio O homem que queria outro destino
Informação de outro título romance
Primeira menção de responsabilidade Armindo Magalhães
210 #9 - Publicação, Distribuição
Lugar da edição, distribuição, etc. Fafe
Nome do editor, distribuidor, etc. Fundação A. Lopes de Oliveira
Data da publicação, distribuição, etc. 1994
215 ## - Descrição física
Descrição física 155 p.
Dimensões 21 cm
606 ## - Nome comum
Elemento de entrada Literatura portuguesa
Subdivisão de assunto Romance
675 ## - CDU
Notação 821.134.3-31
Edição BN
Língua da edição Português
700 #1 - Responsabilidade principal
Palavra de ordem Magalhães
Outra parte do nome Armindo
Datas 1966-
801 #0 - Fonte de origem
País Portugal
Agência BESPB
Regras de catalogação RPC
090 ## - Números de controlo do sistema (Koha)
Número biblioitem do Koha (gerado automaticamente) 20709
942 ## - Elementos de entrada adicionados (Koha)
Suprimido Disponível no OPAC
Tipo de item no Koha Monografia
Holdings
Removido (estado) Perdido (estado) Data de aquisição Origem do registo (biblioteca) (codificado) Código da organização que empresta ou é detentora (biblioteca) Código de barras Cota Tipo de circulação (não pode ser emprestado) Tipo de item e material
Disponível Disponível 2024-05-08 Biblioteca Escola Secundária de Ponte da Barca Biblioteca Escola Secundária de Ponte da Barca D00021522 821.134.3-31 MAGA Normal Monografia